|
|
|
|
| LEADER |
00739nam a2200205 i 4500 |
| 001 |
c000000550 |
| 003 |
CARM |
| 005 |
00000000000000.0 |
| 008 |
830301s1934 enka 00001 eng d |
| 019 |
1 |
|
|a 26507476
|z 2518353
|5 LACONCORD2021
|
| 035 |
|
|
|a (OCoLC)22913609
|5 LACONCORD2021
|
| 100 |
1 |
|
|a Rosman, Alice Grant.
|
| 245 |
1 |
0 |
|a Somebody must /
|c by Alice Grant Rosman.
|
| 250 |
|
|
|a 1st ed.
|
| 260 |
|
|
|a London :
|b Hodder & Stoughton,
|c 1934.
|
| 300 |
|
|
|a 320 p. :
|b ill. ;
|c 20 cm.
|
| 852 |
8 |
|
|b CARM
|h A2:AM28G0
|i A00698
|p 0098497
|f BK
|
| 082 |
0 |
4 |
|a A823.2
|2 19
|
| 999 |
f |
f |
|i 52692037-a578-5f8f-845c-21bdcfe625fa
|s 343c9e3a-5bcd-5a7d-836d-1a81cc98be8b
|
| 952 |
f |
f |
|p Can circulate
|a CAVAL
|b CAVAL
|c CAVAL
|d CARM 1 Store
|e A00698
|f A2:AM28G0
|h Other scheme
|i book
|m 0098497
|